[Event "World Rapid 2025"]
[Site "Doha QAT"]
[Date "2025.12.28"]
[Round "13.26"]
[White "Henriquez Villagra, Cristobal"]
[Black "Mendonca, Leon Luke"]
[Result "1/2-1/2"]
[WhiteTitle "GM"]
[BlackTitle "GM"]
[WhiteElo "2598"]
[BlackElo "2615"]
[WhiteFideId "3409350"]
[BlackFideId "35028561"]
[EventDate "2025.12.26"]

1. e4 c5 2. Nf3 d6 3. d4 cxd4 4. Nxd4 Nf6 5. Nc3 a6 6. h3 e6 7. g4 h6 8. Bg2 Be7
9. a3 Nfd7 10. Qe2 b5 11. e5 d5 12. O-O Bb7 13. f4 Nc6 14. Be3 Qc7 15. Rad1 Bc5
16. Qf2 Nxd4 17. Bxd4 Bxd4 18. Rxd4 h5 19. g5 g6 20. Rfd1 Nb6 21. Bf1 O-O 22.
Bd3 Nc4 23. Bxc4 bxc4 24. R1d2 Rab8 25. Nd1 Bc6 26. c3 Rb6 27. Re2 Rfb8 28. Rdd2
d4 29. Qxd4 Ba8 30. Nf2 Rb5 31. Qd6 Qa7 32. Qd7 Qxd7 33. Rxd7 Bd5 34. Nd1 Bf3
35. Rf2 Bxd1 36. Rxd1 Rxb2 37. Rxb2 Rxb2 38. Rd4 Ra2 39. Rxc4 Rxa3 40. Rc8+ Kg7
41. Kf2 Ra2+ 42. Kf3 a5 43. Ra8 a4 44. c4 a3 45. c5 Rc2 46. Rxa3 Rxc5 47. Kg3
Kf8 48. Ra8+ Ke7 49. Ra7+ Ke8 50. Ra8+ Kd7 51. Ra7+ Rc7 52. Ra3 Kc6 53. Kf3 Kd5
54. Rd3+ Kc4 55. Rd8 Kc5 56. Ke4 1/2-1/2

[Event "World Rapid 2025"]
[Site "Doha QAT"]
[Date "2025.12.28"]
[Round "13.27"]
[White "Robson, Ray"]
[Black "Karthik, Venkataraman"]
[Result "1/2-1/2"]
[WhiteTitle "GM"]
[BlackTitle "GM"]
[WhiteElo "2650"]
[BlackElo "2589"]
[WhiteFideId "2023970"]
[BlackFideId "25006479"]
[EventDate "2025.12.26"]

1. d4 Nf6 2. c4 e6 3. Nc3 Bb4 4. e3 c5 5. Ne2 d6 6. a3 Ba5 7. Rb1 Nc6 8. b4 cxb4
9. axb4 Bxb4 10. d5 exd5 11. cxd5 Bxc3+ 12. Nxc3 Ne5 13. e4 O-O 14. Be2 Re8 15.
O-O Ng6 16. f3 a6 17. Qd2 b5 18. Ba3 Qa5 19. Rb3 Qb6+ 20. Kh1 Bd7 21. Rd1 Rac8
22. Qd4 Qb8 23. Qb4 Ne5 24. Qxd6 Qa7 25. Bc1 Nc4 26. Bxc4 Rxc4 27. e5 b4 28.
Rxb4 Rxb4 29. Qxb4 Rxe5 30. Qf4 Re8 31. Ne4 Nxe4 32. fxe4 f6 33. h3 Qc5 34. Re1
a5 35. Bb2 Qb4 36. Re2 Bb5 37. Rc2 Bd3 38. Rd2 Rxe4 39. Qf2 Rf4 40. Qe3 Rf1+ 41.
Kh2 Qd6+ 42. g3 Bg6 43. Ba3 Qd7 44. Qe6+ Qxe6 45. dxe6 h5 46. Rd8+ Kh7 47. e7
Re1 48. Ra8 a4 49. h4 Re3 50. Rxa4 Be8 51. Ra8 Bc6 52. Ra6 Bd7 53. Kg2 Kg6 54.
Kf2 Re4 55. Ra7 Be8 56. Ra8 Kf7 57. Ra5 Re5 58. Rxe5 fxe5 59. Ke3 1/2-1/2

[Event "World Rapid 2025"]
[Site "Doha QAT"]
[Date "2025.12.28"]
[Round "13.28"]
[White "Hakobyan, Aram"]
[Black "Murzin, Volodar"]
[Result "0-1"]
[WhiteTitle "GM"]
[BlackTitle "GM"]
[WhiteElo "2613"]
[BlackElo "2648"]
[WhiteFideId "13306677"]
[BlackFideId "44155573"]
[EventDate "2025.12.26"]

1. d4 d5 2. c4 c6 3. Nf3 Nf6 4. Nc3 e6 5. g3 dxc4 6. Bg2 Nbd7 7. O-O Be7 8. e4
O-O 9. Bf4 Nh5 10. Be3 Nhf6 11. Re1 b5 12. d5 b4 13. dxe6 fxe6 14. Na4 Ng4 15.
Qc2 Nxe3 16. Rxe3 Nb6 17. Ne5 Qc7 18. Nxc4 Nxa4 19. Qxa4 Bc5 20. Rf3 Rxf3 21.
Bxf3 e5 22. Qa5 Qe7 23. Kg2 Bd4 24. Ne3 g6 25. Nd5 Qf7 26. Nxb4 Bd7 27. Nc2 Bxb2
28. Rb1 Rf8 29. Ne1 Bd4 30. Qd2 c5 31. Qe2 Be6 32. Rc1 Bxa2 33. Nc2 Bc4 34. Qd1
Bb3 35. Qe2 c4 36. Ne3 c3 37. Nd5 c2 38. Nb4 Bc4 39. Nd3 Qxf3+ 40. Qxf3 Rxf3 0-1

[Event "World Rapid 2025"]
[Site "Doha QAT"]
[Date "2025.12.28"]
[Round "13.29"]
[White "Keymer, Vincent"]
[Black "Nesterov, Arseniy"]
[Result "1-0"]
[WhiteTitle "GM"]
[BlackTitle "GM"]
[WhiteElo "2776"]
[BlackElo "2595"]
[WhiteFideId "12940690"]
[BlackFideId "24198455"]
[EventDate "2025.12.26"]

1. c4 e6 2. Nc3 d5 3. d4 Nf6 4. cxd5 exd5 5. Bg5 c6 6. e3 Be7 7. Bd3 O-O 8. Qc2
Re8 9. Nf3 h6 10. Bf4 Bg4 11. O-O-O c5 12. dxc5 Nc6 13. Bf5 Nb4 14. Qb1 Bxc5 15.
a3 Bxf3 16. gxf3 Nc6 17. Rhg1 Kh8 18. Qa2 Ne7 19. Be4 Bd6 20. Bxd5 Nexd5 21.
Nxd5 Nxd5 22. Bxd6 Qxd6 23. Qxd5 Qc7+ 24. Kb1 Rad8 25. Qf5 Rxd1+ 26. Rxd1 Rf8
27. f4 Qc6 28. Qd5 Qc8 29. Qd7 Qc4 30. Qd5 Qc8 31. f5 f6 32. Qd7 Qc5 33. h4 Qc4
34. Qd4 Qe2 35. Rd2 Qf3 36. Qc5 Re8 37. Ka2 Kh7 38. Qxa7 Re5 39. Rd7 Rb5 40. Qd4
Qxf5 41. a4 Re5 42. Qd3 Re4 43. Kb1 Qf3 44. Rxb7 f5 45. Qd7 Rg4 46. Ka2 Qxf2 47.
a5 Qf1 48. Qb5 Qf3 49. a6 Rg1 50. a7 Qe4 51. a8=Q Qb1+ 52. Kb3 Qd1+ 53. Kc3 Qc1+
54. Kd4 Rg4+ 55. Kd5 Qd2+ 56. Ke6 Rg6+ 57. Kf7 Rf6+ 58. Ke8 Qg2 59. Qd5 Qg3 60.
Re7 Qg6+ 61. Kd7 1-0

[Event "World Rapid 2025"]
[Site "Doha QAT"]
[Date "2025.12.28"]
[Round "13.30"]
[White "Sargsyan, Shant"]
[Black "Makhnev, Denis"]
[Result "1-0"]
[WhiteTitle "GM"]
[BlackTitle "GM"]
[WhiteElo "2665"]
[BlackElo "2532"]
[WhiteFideId "13306766"]
[BlackFideId "13707647"]
[EventDate "2025.12.26"]

1. e4 e5 2. Nf3 Nc6 3. Bb5 a6 4. Ba4 Nf6 5. O-O d6 6. Re1 Bd7 7. c3 g6 8. d4 Bg7
9. h3 O-O 10. Bc2 Re8 11. d5 Nb8 12. c4 a5 13. Nc3 Na6 14. a3 h6 15. Rb1 Nh7 16.
b4 axb4 17. axb4 f5 18. Bd3 f4 19. c5 dxc5 20. Bxa6 bxa6 21. bxc5 g5 22. Nh2 Nf6
23. c6 Bc8 24. Ba3 h5 25. f3 Bf8 26. Bxf8 Rxf8 27. Na4 Rf7 28. Rb3 Rg7 29. Qa1
Qe8 30. Nc5 g4 31. h4 Qe7 32. Nd3 gxf3 33. Nxf3 Ng4 34. Re2 a5 35. Rb5 a4 36.
Ndxe5 a3 37. Ra2 Ra4 38. Rb8 Qc5+ 39. Kh1 Nf2+ 40. Kh2 Ng4+ 41. Nxg4 hxg4 42.
Rxc8+ Kh7 43. Ng5+ Kg6 44. h5+ Kxh5 45. Qxg7 1-0

[Event "World Rapid 2025"]
[Site "Doha QAT"]
[Date "2025.12.28"]
[Round "13.31"]
[White "Moussard, Jules"]
[Black "Hovhannisyan, Robert"]
[Result "1-0"]
[WhiteTitle "GM"]
[BlackTitle "GM"]
[WhiteElo "2600"]
[BlackElo "2621"]
[WhiteFideId "642908"]
[BlackFideId "13302507"]
[EventDate "2025.12.26"]

1. Nf3 d5 2. b3 Nf6 3. Bb2 Bf5 4. g3 Nc6 5. Bg2 Qd7 6. h3 O-O-O 7. d3 e5 8. Nxe5
Bb4+ 9. c3 Nxe5 10. cxb4 Rhe8 11. Kf1 h5 12. Na3 Re7 13. Nc2 Rde8 14. Nd4 Nc6
15. Nxc6 Qxc6 16. Bf3 g5 17. Qc1 Qe6 18. Qxg5 Nd7 19. Kg2 f6 20. Qh4 Ne5 21.
Bxe5 fxe5 22. e4 dxe4 23. dxe4 Bg6 24. Bxh5 Kb8 25. Bxg6 Qxg6 26. Rad1 a6 27.
Rhe1 Ka7 28. Qg4 Qb6 29. a3 Rf7 30. Rd2 Ref8 31. Ree2 Rf6 32. Qg5 Qe6 33. Rd5
Rh6 34. h4 Rg6 35. Rxe5 Qxb3 36. Qe3+ 1-0

[Event "World Rapid 2025"]
[Site "Doha QAT"]
[Date "2025.12.28"]
[Round "13.32"]
[White "Oro, Faustino"]
[Black "Kozak, Adam"]
[Result "0-1"]
[WhiteTitle "IM"]
[BlackTitle "GM"]
[WhiteElo "2503"]
[BlackElo "2546"]
[WhiteFideId "20000197"]
[BlackFideId "753246"]
[EventDate "2025.12.26"]

1. e4 e5 2. Nf3 Nc6 3. Bb5 Nf6 4. d3 Bc5 5. c3 O-O 6. O-O d6 7. h3 h6 8. Re1 Bb6
9. d4 Ne7 10. Nbd2 Ng6 11. Bd3 c6 12. Nf1 Nh5 13. Bc2 Nhf4 14. Be3 Qf6 15. N1h2
h5 16. Qd2 Be6 17. a4 Rad8 18. a5 Bc7 19. a6 b6 20. Kh1 Bc8 21. c4 c5 22. d5 Qe7
23. Ng1 Kh7 24. Qd1 Rh8 25. Ne2 Kg8 26. Bd2 Rf8 27. Ra3 Bd8 28. b4 Bc7 29. bxc5
dxc5 30. Ng1 Bd6 31. Bc1 Bd7 32. Nf1 b5 33. cxb5 Bxb5 34. Ne3 c4 35. Nf5 Qd7 36.
Nxd6 Qxd6 37. Ra1 Rc8 38. Be3 Bxa6 39. Bxa7 h4 40. Nf3 Nxg2 41. Kxg2 Nf4+ 42.
Kh2 Qd7 43. Ng5 Qxa7 44. Re3 Rh6 45. Qg4 Re8 46. Ba4 Rb8 47. Bc6 Qb6 48. Qf5 Qb2
49. Qxf7+ Kh8 50. Rf1 c3 51. Qf5 Bxf1 52. Nf7+ Kg8 53. Nxh6+ gxh6 54. Qg4+ Kh7
55. Qf5+ Kg8 56. Qg4+ Kh7 57. Qf5+ Kg8 58. Rf3 Bxh3 59. Qxe5 c2 60. Qxf4 c1=Q
61. Qf7+ Kh8 62. Be8 Qe5+ 0-1

[Event "World Rapid 2025"]
[Site "Doha QAT"]
[Date "2025.12.28"]
[Round "13.33"]
[White "Dardha, Daniel"]
[Black "Ibrahimli, Murad"]
[Result "0-1"]
[WhiteTitle "GM"]
[BlackTitle "IM"]
[WhiteElo "2603"]
[BlackElo "2438"]
[WhiteFideId "240990"]
[BlackFideId "13410229"]
[EventDate "2025.12.26"]

1. Nf3 d5 2. b3 Bg4 3. Bb2 Bxf3 4. exf3 e6 5. g3 Nf6 6. f4 Nbd7 7. Bg2 Bd6 8. d4
O-O 9. O-O c6 10. Nd2 a5 11. c4 Re8 12. a3 Bf8 13. Qc2 g6 14. Rad1 Qb6 15. Rfe1
Bg7 16. Nf3 a4 17. b4 dxc4 18. Qxc4 Nd5 19. Ne5 N7f6 20. Qc2 Red8 21. Bf3 Ne7
22. Qe2 Nf5 23. Qc4 Nd5 24. Re2 Nc7 25. Red2 Nb5 26. Qc5 Qa6 27. Be2 Rd5 28. Qc2
Qb6 29. Bc4 Rd6 30. Ba2 Qd8 31. Qe4 Qe7 32. g4 Nh4 33. Nc4 Rdd8 34. Ne3 Nd6 35.
Qh1 Bh6 36. d5 cxd5 37. Bxd5 Bxf4 38. Bxb7 Qxb7 39. Qxb7 Nxb7 40. Rd7 Rxd7 41.
Rxd7 Nd6 42. Kf1 g5 43. Ke2 Bxh2 44. Nf1 Bf4 45. Ng3 Nc4 46. Ba1 Be5 47. Bxe5
Nxe5 48. Rc7 Nhg6 49. Ne4 Nf4+ 50. Kd2 Nd5 51. Rc5 Nxg4 52. b5 h6 53. Kd3 Ne5+
54. Kd4 Nf3+ 55. Kd3 Rb8 56. Nd6 Ne5+ 57. Ke4 Nd7 58. Rc6 Kf8 0-1

[Event "World Rapid 2025"]
[Site "Doha QAT"]
[Date "2025.12.28"]
[Round "13.34"]
[White "Theodorou, Nikolas"]
[Black "Zverev, Lev"]
[Result "1/2-1/2"]
[WhiteTitle "GM"]
[BlackTitle "IM"]
[WhiteElo "2652"]
[BlackElo "2453"]
[WhiteFideId "4262875"]
[BlackFideId "24250775"]
[EventDate "2025.12.26"]

1. d4 Nf6 2. Nf3 d5 3. c4 e6 4. g3 Bb4+ 5. Nc3 dxc4 6. Bg2 O-O 7. O-O Nc6 8. a3
Be7 9. e4 a6 10. Be3 b5 11. h4 Bb7 12. e5 Nd5 13. Nxd5 Qxd5 14. Ng5 Qd7 15. Nxh7
Kxh7 16. Qh5+ Kg8 17. Be4 g6 18. Bxg6 fxg6 19. Qxg6+ Kh8 20. Qh5+ Kg8 21. Qg4+
Kh8 22. Qh5+ Kg8 23. Qg6+ Kh8 1/2-1/2

[Event "World Rapid 2025"]
[Site "Doha QAT"]
[Date "2025.12.28"]
[Round "13.35"]
[White "Hong, Andrew"]
[Black "Amar, Elham"]
[Result "0-1"]
[WhiteTitle "GM"]
[BlackTitle "GM"]
[WhiteElo "2568"]
[BlackElo "2592"]
[WhiteFideId "2099438"]
[BlackFideId "1533533"]
[EventDate "2025.12.26"]

1. e4 c6 2. d4 d5 3. e5 c5 4. Nf3 cxd4 5. Qxd4 Nc6 6. Qf4 e6 7. Nc3 Nb4 8. Qd2
a6 9. a3 Nc6 10. Bd3 Nge7 11. O-O Ng6 12. Bxg6 fxg6 13. Qf4 Be7 14. Be3 Rf8 15.
Qg3 Kf7 16. Ne2 Kg8 17. Rad1 Bd7 18. Ned4 Rc8 19. c3 Qe8 20. Bg5 Bc5 21. Nb3 Ba7
22. Be3 Bb8 23. Nc5 Rf5 24. Bd4 Nxd4 25. cxd4 Bb5 26. Rfe1 Qe7 27. h4 b6 28. Nd3
Rcf8 29. Rd2 Bc7 30. Rc1 a5 31. Rc3 Bd8 32. Rdc2 Qd7 33. Nc1 a4 34. b3 axb3 35.
Nxb3 Bc4 36. Rc1 Qa4 37. Nbd2 b5 38. Nf1 Rf4 39. Ne3 Ba5 40. R3c2 Qxa3 41. Ng5
Qe7 42. Qh3 Re8 43. Ra1 Bb6 44. Ra6 Qb7 45. Nxc4 bxc4 46. Rca2 Bxd4 47. Rxe6
Ref8 48. Rea6 Bxf2+ 49. Rxf2 Rxf2 50. Qe6+ Kh8 51. Rb6 Qa7 52. Kh2 h6 53. Nh3
Rf1 54. Qxg6 Qa1 55. Re6 Qe1 56. g3 Rh1+ 0-1

[Event "World Rapid 2025"]
[Site "Doha QAT"]
[Date "2025.12.28"]
[Round "13.36"]
[White "Pranav, Anand"]
[Black "Chanda, Sandipan"]
[Result "0-1"]
[WhiteTitle "GM"]
[BlackTitle "GM"]
[WhiteElo "2591"]
[BlackElo "2490"]
[WhiteFideId "46626786"]
[BlackFideId "5004225"]
[EventDate "2025.12.26"]

1. e4 e6 2. d4 d5 3. Nc3 dxe4 4. Nxe4 Nd7 5. Nf3 Ngf6 6. Nxf6+ Nxf6 7. Be3 Bd7
8. Bd3 Nd5 9. Qd2 Bd6 10. Bg5 f6 11. Be3 Qe7 12. O-O-O O-O-O 13. Kb1 Kb8 14.
Rhe1 Nxe3 15. Qxe3 Rde8 16. Be4 Bc8 17. Qb3 c5 18. c3 g5 19. h3 Qc7 20. Nd2 e5
21. dxe5 Bxe5 22. Nc4 f5 23. Bd5 Bf6 24. a4 Rxe1 25. Rxe1 Rd8 26. Rd1 Rd7 27.
Bf3 Rxd1+ 28. Qxd1 Qd7 29. Bd5 f4 30. Ka2 Qd8 31. Qf3 Qe8 32. Ka3 Qe1 33. Nd6
Qa1+ 34. Ba2 Qe1 35. Qd5 Qe5 36. Qxe5 Bxe5 37. Ne4 h6 38. Nxc5 Bd6 39. b4 Bxc5
40. bxc5 a5 41. Bd5 Kc7 42. Kb3 Bd7 43. c4 b6 44. cxb6+ Kxb6 45. f3 Kc5 46. Ka3
h5 47. h4 gxh4 48. Bf7 h3 49. gxh3 h4 50. Kb3 Bxh3 51. Kc3 Bd7 0-1

[Event "World Rapid 2025"]
[Site "Doha QAT"]
[Date "2025.12.28"]
[Round "13.37"]
[White "Movahed, Sina"]
[Black "Jumabayev, Rinat"]
[Result "0-1"]
[WhiteTitle "GM"]
[BlackTitle "GM"]
[WhiteElo "2596"]
[BlackElo "2560"]
[WhiteFideId "42520835"]
[BlackFideId "13702661"]
[EventDate "2025.12.26"]

1. e4 e5 2. Nf3 Nc6 3. Bb5 a6 4. Ba4 Nf6 5. Qe2 b5 6. Bb3 Bc5 7. c3 d6 8. d3 h6
9. h3 Qe7 10. Nbd2 Be6 11. Nf1 d5 12. Ng3 O-O 13. Nh4 Qd7 14. Qf3 dxe4 15. dxe4
Bxb3 16. axb3 Qe6 17. b4 Be7 18. Nhf5 Rfd8 19. O-O Bf8 20. Ne3 a5 21. bxa5 Rxa5
22. Rxa5 Nxa5 23. Ng4 Nxg4 24. hxg4 Nb3 25. Nf5 Nxc1 26. Rxc1 Rd2 27. b4 Qd7 28.
Ra1 Rd3 29. Qe2 Rd2 30. Qe1 Qd3 31. Kh2 g6 32. Ne3 c6 33. Ra8 Re2 34. Qa1 Qxe4
35. Kg1 Qf4 36. Qf1 Rd2 37. Rc8 Qf6 38. Qe1 Rd3 39. c4 Kg7 40. c5 Qe6 41. Rc7
Be7 42. Nf1 Bf6 43. Qe4 Rd4 44. Qxc6 Qxc6 45. Rxc6 Rxb4 46. Ne3 Bg5 47. Nd5 Rxg4
48. Rd6 Rc4 49. c6 Bd2 50. Kf1 Ba5 51. Ke2 b4 52. Kd3 Rc1 53. Rd7 Rxc6 54. Rb7
Rc5 55. Ke4 Rc2 56. Kf3 Rc4 57. Rb5 Bc7 58. Nxb4 Bd6 59. Nd5 Rc5 60. Rxc5 Bxc5
61. Ke4 Bxf2 62. Kxe5 h5 63. Ke4 Bc5 64. Kf3 Bd6 65. g3 Be5 66. Ne3 Kf6 67. Ng2
Ke6 68. Ne3 f5 69. Kg2 g5 70. Nd1 g4 71. Nf2 Kd5 72. Nd3 Bd6 73. Nc1 Kc4 74. Ne2
Be5 75. Kf1 Kd3 76. Kf2 Bd4+ 77. Kf1 Be3 0-1

[Event "World Rapid 2025"]
[Site "Doha QAT"]
[Date "2025.12.28"]
[Round "13.38"]
[White "Le, Quang Liem"]
[Black "Ahmad, Khagan"]
[Result "1-0"]
[WhiteTitle "GM"]
[BlackTitle "IM"]
[WhiteElo "2731"]
[BlackElo "2472"]
[WhiteFideId "12401137"]
[BlackFideId "13431552"]
[EventDate "2025.12.26"]

1. d4 Nf6 2. c4 e6 3. Nf3 d5 4. g3 dxc4 5. Bg2 Nbd7 6. O-O c6 7. a4 b6 8. Nfd2
Ba6 9. Bxc6 Rc8 10. Bb5 Bb7 11. Nc3 h5 12. e4 h4 13. Qe2 hxg3 14. fxg3 Be7 15.
Rf4 O-O 16. e5 Nd5 17. Rg4 N7f6 18. exf6 Nxf6 19. Rf4 e5 20. dxe5 Nd5 21. Nde4
a6 22. Rg4 Nxc3 23. bxc3 axb5 24. Bh6 Bxe4 25. Rxg7+ Kh8 26. Qxe4 Qd3 27. Rh7+ 1-0

[Event "World Rapid 2025"]
[Site "Doha QAT"]
[Date "2025.12.28"]
[Round "13.39"]
[White "Martinez Alcantara, Jose Eduardo"]
[Black "Vokhidov, Shamsiddin"]
[Result "1/2-1/2"]
[WhiteTitle "GM"]
[BlackTitle "GM"]
[WhiteElo "2667"]
[BlackElo "2641"]
[WhiteFideId "3805662"]
[BlackFideId "14204223"]
[EventDate "2025.12.26"]

1. c4 Nf6 2. g3 e6 3. Bg2 d5 4. Nf3 Be7 5. O-O O-O 6. d3 c5 7. cxd5 exd5 8. d4
Nc6 9. Nc3 h6 10. dxc5 Bxc5 11. Na4 Be7 12. Be3 Ne4 13. Rc1 Bf6 14. Nd4 Bxd4 15.
Bxd4 Re8 16. b3 Bf5 17. e3 Qd7 18. Nc5 Nxc5 19. Rxc5 Be4 20. f3 Bf5 21. Qd2 b6
22. Rcc1 Nxd4 23. Qxd4 Rac8 24. g4 Be6 25. h3 Rxc1 26. Rxc1 Rc8 27. Rc3 Rxc3 28.
Qxc3 Qc8 29. Qd2 Qc5 30. f4 f6 31. b4 Qc4 32. a4 Kf8 33. a5 Ke7 34. Kf2 g5 35.
Bf1 Qe4 36. Bg2 Qc4 37. Bf3 Bf7 38. Be2 Qe4 39. Qc3 gxf4 40. Qc7+ Kf8 41. Qd6+
Qe7 42. Qxf4 Kg7 43. Bd3 Qe5 44. axb6 axb6 45. h4 Bg6 46. Bxg6 Kxg6 47. h5+ Kg7
48. Kf3 b5 49. Qf5 Kf8 50. Qh7 Qg5 51. Qh8+ Kf7 52. Qb8 Qh4 53. Qc7+ Ke6 54.
Qc8+ Ke7 55. Qc7+ Ke6 56. Qb6+ Ke7 57. Qa7+ Ke6 58. Qb6+ Ke7 59. Qxb5 Qh3+ 60.
Kf2 Qh4+ 61. Kf3 Qh3+ 62. Kf2 Qh4+ 63. Kf1 Qxg4 64. Qc5+ Ke8 65. Qc6+ Ke7 66.
Qc5+ Ke8 67. b5 Qc4+ 68. Qxc4 dxc4 69. Ke1 Kd7 70. Kd2 Kd6 71. Kc3 Kc5 72. b6
Kxb6 1/2-1/2

[Event "World Rapid 2025"]
[Site "Doha QAT"]
[Date "2025.12.28"]
[Round "13.40"]
[White "Ponomariov, Ruslan"]
[Black "Pranesh, M"]
[Result "1/2-1/2"]
[WhiteTitle "GM"]
[BlackTitle "GM"]
[WhiteElo "2639"]
[BlackElo "2627"]
[WhiteFideId "14103320"]
[BlackFideId "35028600"]
[EventDate "2025.12.26"]

1. Nf3 d5 2. b3 Bg4 3. e3 Nd7 4. Bb2 Ngf6 5. h3 Bh5 6. g4 Bg6 7. g5 Ne4 8. d3
Nd6 9. h4 Bh5 10. Be2 h6 11. Nbd2 c6 12. c4 Qa5 13. Qc2 dxc4 14. dxc4 Bxf3 15.
Bxf3 hxg5 16. Bc3 Qf5 17. Qxf5 Nxf5 18. hxg5 Rxh1+ 19. Bxh1 g6 20. Ke2 Bg7 21.
Bxg7 Nxg7 22. b4 O-O-O 23. Be4 e5 24. Bf3 Rh8 25. Ne4 Kc7 26. Bg4 Nf5 27. Rd1
Nb6 28. Bxf5 gxf5 29. Nd6 Na4 30. Rd3 Nc3+ 31. Rxc3 Kxd6 32. Rd3+ Ke7 33. b5 1/2-1/2

[Event "World Rapid 2025"]
[Site "Doha QAT"]
[Date "2025.12.28"]
[Round "13.41"]
[White "Van Foreest, Jorden"]
[Black "Daneshvar, Bardiya"]
[Result "1/2-1/2"]
[WhiteTitle "GM"]
[BlackTitle "GM"]
[WhiteElo "2692"]
[BlackElo "2600"]
[WhiteFideId "1039784"]
[BlackFideId "12576468"]
[EventDate "2025.12.26"]

1. e4 c6 2. d4 d5 3. e5 Bf5 4. Ne2 e6 5. Ng3 Bg6 6. h4 h6 7. h5 Bh7 8. Bd3 Bxd3
9. cxd3 c5 10. dxc5 Bxc5 11. d4 Bb6 12. Nc3 Nc6 13. Be3 Nge7 14. Qg4 Rg8 15. O-O
Qd7 16. Rac1 O-O-O 17. Na4 Bc7 18. Nc5 Qe8 19. b4 Kb8 20. a3 Nc8 21. Bd2 Nb6 22.
b5 Ne7 23. Qf3 Nd7 24. a4 Nxc5 25. dxc5 Bxe5 26. Rfe1 f6 27. Bf4 Bxf4 28. Qxf4+
e5 29. Qb4 Ka8 30. a5 Qd7 31. Red1 Qe6 32. a6 bxa6 33. Ra1 Rb8 34. b6 Qc8 35.
Qa3 Rd8 36. Rdb1 Rd7 37. Rc1 Qc6 38. Qxa6 Rbb7 39. Qd3 Kb8 40. Qh7 Nc8 41. Qg8
Re7 42. bxa7+ Ka8 43. Rd1 d4 44. Nf5 Re8 45. Qc4 Rd8 46. Ra6 Qd5 47. c6 Rb2 48.
c7 Rd7 49. Qxd5+ Rxd5 50. Re6 Rd7 51. Re8 Rxc7 52. Nxg7 Rxg7 53. Rxc8+ Kxa7 54.
Rh8 e4 55. Rxd4 e3 56. fxe3 Rgxg2+ 57. Kf1 Rgf2+ 1/2-1/2

[Event "World Rapid 2025"]
[Site "Doha QAT"]
[Date "2025.12.28"]
[Round "13.42"]
[White "Begmuratov, Khumoyun"]
[Black "Ivanchuk, Vasyl"]
[Result "1/2-1/2"]
[WhiteTitle "IM"]
[BlackTitle "GM"]
[WhiteElo "2451"]
[BlackElo "2607"]
[WhiteFideId "14210207"]
[BlackFideId "14100010"]
[EventDate "2025.12.26"]

1. e4 d5 2. exd5 Qxd5 3. Nc3 Qa5 4. d4 Nf6 5. Nf3 c6 6. Bc4 Bf5 7. O-O e6 8. Bd2
Qd8 9. Re1 Be7 10. h3 O-O 11. Bf4 Nbd7 12. Bd3 Bxd3 13. Qxd3 Nd5 14. Nxd5 cxd5
15. c3 a6 16. Ne5 1/2-1/2

[Event "World Rapid 2025"]
[Site "Doha QAT"]
[Date "2025.12.28"]
[Round "13.43"]
[White "Anton Guijarro, David"]
[Black "Tin, Jingyao"]
[Result "0-1"]
[WhiteTitle "GM"]
[BlackTitle "GM"]
[WhiteElo "2646"]
[BlackElo "2584"]
[WhiteFideId "2285525"]
[BlackFideId "5804418"]
[EventDate "2025.12.26"]

1. d4 Nf6 2. Nf3 d5 3. e3 Bf5 4. c4 c6 5. Nc3 e6 6. h3 h6 7. Bd3 Bxd3 8. Qxd3
Nbd7 9. O-O Be7 10. e4 dxe4 11. Nxe4 Nxe4 12. Qxe4 O-O 13. Bf4 a5 14. a4 Qb6 15.
Rfd1 Qb3 16. Qe2 Rfe8 17. Rdc1 Qb4 18. Rc3 Bd6 19. Ne5 Nxe5 20. dxe5 Bf8 21. Rg3
g6 22. h4 Bg7 23. Raa3 b5 24. h5 g5 25. Bxg5 hxg5 26. Rxg5 Kf8 27. Rxg7 Kxg7 28.
Qg4+ Kf8 29. Qg5 Qe1+ 30. Kh2 Qe4 31. Rf3 Rad8 32. h6 Qh7 33. cxb5 cxb5 34. Qh4
Rd1 35. Rg3 Qb1 36. Rh3 Rh1+ 37. Kg3 Qg6+ 38. Kf3 Qf5+ 0-1

[Event "World Rapid 2025"]
[Site "Doha QAT"]
[Date "2025.12.28"]
[Round "13.44"]
[White "Mitrabha, Guha"]
[Black "Iturrizaga Bonelli, Eduardo"]
[Result "0-1"]
[WhiteTitle "GM"]
[BlackTitle "GM"]
[WhiteElo "2508"]
[BlackElo "2592"]
[WhiteFideId "5057000"]
[BlackFideId "3901211"]
[EventDate "2025.12.26"]

1. Nf3 d5 2. g3 g6 3. Bg2 Bg7 4. c4 dxc4 5. Qa4+ Nc6 6. Qxc4 e5 7. d3 Nge7 8.
Nc3 O-O 9. h4 Be6 10. Qa4 h6 11. Ne4 Nf5 12. Bd2 Nd6 13. Nc5 Bc8 14. Rc1 Re8 15.
O-O Nd4 16. Rfe1 c6 17. e3 Ne6 18. b4 Nc7 19. Qc2 b6 20. Nb3 Bb7 21. Red1 Rc8
22. a4 Qe7 23. e4 Ne6 24. Bc3 c5 25. bxc5 bxc5 26. Na5 Nd4 27. Bxd4 cxd4 28. Qa2
Ba8 29. h5 g5 30. Nd2 g4 31. Ndc4 Nxc4 32. Nxc4 Qg5 33. Nd6 Rxc1 34. Qxf7+ Kh7
35. Qg6+ Qxg6 36. hxg6+ Kxg6 37. Rxc1 Re6 38. Nf5 Bf6 39. Bf1 Rc6 40. Rb1 Rb6
41. Rc1 Rc6 42. Re1 h5 43. Be2 Bg5 44. Rb1 Rc1+ 45. Rxc1 Bxc1 46. Bd1 Ba3 47.
Bb3 Bc6 48. Kf1 Bd7 49. Nh4+ Kf6 50. Ke2 Ke7 51. Kd1 Bb4 52. Ke2 Bc3 53. Kd1 a5
54. Ng6+ Kd6 55. Nh8 Ke7 56. Nf7 Bxa4 57. Bxa4 Kxf7 58. Bb5 Ke7 59. Ba4 Kf6 60.
Be8 Kg5 61. Ke2 Bb4 62. f3 gxf3+ 63. Kxf3 Be1 64. Ba4 Kf6 65. Bb5 Ke7 66. Ba4
Kd6 67. Be8 Kc5 68. Bxh5 Kb4 69. Be8 Kb3 70. Bf7+ Kc3 71. Ke2 Bxg3 72. Be8 Bf4
73. Bd7 Kb3 74. Be6+ Kb4 75. Bd7 a4 76. Kd1 Kb3 0-1

[Event "World Rapid 2025"]
[Site "Doha QAT"]
[Date "2025.12.28"]
[Round "13.45"]
[White "Chigaev, Maksim"]
[Black "Vetokhin, Savva"]
[Result "0-1"]
[WhiteTitle "GM"]
[BlackTitle "GM"]
[WhiteElo "2626"]
[BlackElo "2572"]
[WhiteFideId "4108116"]
[BlackFideId "44144474"]
[EventDate "2025.12.26"]

1. Nf3 Nf6 2. c4 e6 3. g3 d5 4. Bg2 Be7 5. O-O O-O 6. Ne5 c5 7. d3 Qc7 8. f4 Rd8
9. Nc3 a6 10. cxd5 exd5 11. e4 dxe4 12. g4 Nc6 13. g5 Nxe5 14. fxe5 Ng4 15. Bxe4
Qxe5 16. Bf4 Qd4+ 17. Kg2 Ne3+ 18. Bxe3 Qxe3 19. Bxh7+ Kh8 20. Kh1 Qxg5 21. Rxf7
Bg4 22. Qe1 Kxh7 23. Qe4+ Kg8 24. Rxe7 Rf8 25. Rg1 Bf3+ 26. Qxf3 Qxg1+ 27. Kxg1
Rxf3 28. Rxb7 Rxd3 29. Kg2 Rf8 30. Ne4 c4 31. Ng5 Rd5 32. h4 Rb5 33. Rc7 Rxb2+
34. Kg3 Re8 35. Rxc4 Rxa2 36. Kg4 Rf2 37. Ra4 Rf6 38. Ra5 Ra8 39. h5 Rb6 40. Nh3
Rb4+ 0-1